000 01792nam a22002297a 4500
003 OSt
005 20241220123930.0
007 ta
008 230621b ag ||||| |||| 00| 0 spa d
020 _a8478442588
040 _cbesociales
100 1 _aTanizaki, Junichirō
_d1886-1965
_eautor
245 0 3 _aEl elogio de la sombra /
_cJunichirō Tanizaki ; traducción Julia Escobar
250 _a19a ed.
260 _aMadrid :
_bSiruela,
_c2005
300 _a95 p.
490 _aBiblioteca de ensayo Siruela ;
_v1
520 _aEn Occidente, el más poderoso aliado de la belleza ha sido siempre la luz. En cambio, en la estética tradicional japonesa lo esencial es captar el enigma de la sombra. Lo bello no es una sustancia en sí sino un juego de claroscuros producido por la yuxtaposición de las diferentes sustancias que va formando el juego sutil de las modulaciones de la sombra. Lo mismo que una piedra fosforescente en la oscuridad pierde toda su fascinante sensación de joya preciosa si fuera expuesta a plena luz, la belleza pierde toda su existencia si se suprimen los efectos de la sombra. En este ensayo clásico, escrito en 1933, Junichiro Tanizaki va desarrollando con gran refinamiento esta idea medular del pensamiento oriental, clave para entender el color de las lacas, de la tinta o de los trajes del teatro no; para aprender a apreciar el aspecto antiguo del papel o de los reflejos velados en la pátina de los objetos; para prevenirnos contra todo lo que brilla; para captar la belleza en la llama vacilante de una lámpara y descubrir el alma de la arquitectura a través de los grados de opacidad de los materiales y el silencio y la penumbra del espacio vacío.
650 4 _aEstética
_zJapón
700 _aEscobar, Julia,
_d(1946-),
_etraductor
942 _2udc
_cOG
_n0
999 _c1
_d1